[Event "XXXV Festival Conca della Presolana A"]
[Site "Castione della Presolana ITA"]
[Date "2015.08.23"]
[Round "1"]
[White "Foglieni, Matteo"]
[Black "Lavorgna, Filippo"]
[WhiteElo "1969"]
[BlackElo "1840"]
[Result "1-0"]
[PlyCount "59"]
[EventDate "2015.08.23"]

1. c4 e5 2. Nc3 Nf6 3. g3 d5 4. cxd5 Nxd5 5. Bg2 Nb6 6. Nf3 Nc6 7. O-O Be7 8.
a3 O-O 9. b4 Be6 10. d3 a5 11. b5 Nd4 12. Rb1 Nxf3+ 13. Bxf3 Nd5 14. Bb2 f6 15.
Qb3 c6 16. bxc6 bxc6 17. Rfc1 Qd7 18. Qa4 Rfb8 19. Ba1 Rxb1 20. Rxb1 Nxc3 21.
Bxc3 Ra6 22. Rb8+ Bf8 23. Bb4 axb4 24. Qxa6 bxa3 25. Qxa3 Qf7 26. Bxc6 g6 27.
Qa8 Kg7 28. Rb7 Be7 29. Be8 Qf8 30. Qa7 1-0

[Event "XXXV Festival Conca della Presolana A"]
[Site "Castione della Presolana ITA"]
[Date "2015.08.23"]
[Round "1"]
[White "Gagliardi, Claudio"]
[Black "Gardi, Giuseppe"]
[WhiteElo "1789"]
[BlackElo "1925"]
[Result "0-1"]
[PlyCount "60"]
[EventDate "2015.08.23"]

1. e4 g6 2. c4 Bg7 3. Nf3 d6 4. Nc3 e5 5. d4 Nc6 6. Be3 Bg4 7. d5 Nd4 8. h3
Bxf3 9. gxf3 c5 10. dxc6 bxc6 11. f4 c5 12. h4 exf4 13. Bxf4 h5 14. Bh3 Bf6 15.
Qa4+ Kf8 16. O-O-O Ne7 17. Bg2 Be5 18. Bg5 Rb8 19. Bxe7+ Qxe7 20. Nd5 Qb7 21.
b3 Ne6 22. Bh3 Nf4 23. Qd7 Qa6 24. Qa4 Qxa4 25. bxa4 Nxd5 26. cxd5 Rb4 27. Bd7
Ke7 28. Bc6 Rhb8 29. Bb5 a6 30. Bd3 Bf4+ 0-1

[Event "XXXV Festival Conca della Presolana A"]
[Site "Castione della Presolana ITA"]
[Date "2015.08.23"]
[Round "1"]
[White "Guerini, Silvia jr"]
[Black "Bosio, Devis"]
[WhiteElo "1869"]
[BlackElo "1971"]
[Result "0-1"]
[PlyCount "94"]
[EventDate "2015.08.23"]

1. e4 c6 2. Nc3 d5 3. Nf3 Bg4 4. h3 Bxf3 5. Qxf3 e6 6. Be2 Nd7 7. d4 Qb6 8.
exd5 cxd5 9. Bb5 Ngf6 10. Qe3 Bb4 11. O-O O-O 12. Bxd7 Bxc3 13. Qxc3 Nxd7 14.
Qd3 Rfc8 15. c3 Qc6 16. Qg3 Kh8 17. Bf4 b5 18. Bd6 a5 19. a3 Ra6 20. Bf4 Nb6
21. Rfc1 Nc4 22. b4 axb4 23. axb4 Rca8 24. Rxa6 Rxa6 25. Be3 Qc8 26. Qf3 Kg8
27. Qg3 Nd6 28. Bf4 Ne4 29. Qd3 Qc6 30. Be3 Ra2 31. f3 Nd6 32. Rc2 Qa6 33. Bf4
Nc4 34. Kh2 Qa4 35. Rxa2 Qxa2 36. Bc1 g6 37. Kg3 Kg7 38. Kh2 Qf2 39. Bf4 h5 40.
Qb1 Qb2 41. Qd3 h4 42. Be3 f6 43. Bf4 Qf2 44. Qb1 g5 45. Bc1 Qg3+ 46. Kh1 Qe1+
47. Kh2 Ne3 0-1

[Event "XXXV Festival Conca della Presolana A"]
[Site "Castione della Presolana ITA"]
[Date "2015.08.23"]
[Round "1"]
[White "Izzo, Riccardo"]
[Black "Marchini, Daniele"]
[WhiteElo "1732"]
[BlackElo "1885"]
[Result "0-1"]
[PlyCount "56"]
[EventDate "2015.08.23"]

1. d4 e6 2. c4 Nf6 3. Nc3 d5 4. Bg5 Be7 5. e3 Nbd7 6. Nf3 Ne4 7. Bxe7 Qxe7 8.
cxd5 Nxc3 9. bxc3 exd5 10. Qb3 Nb6 11. Bd3 O-O 12. O-O c5 13. Qc2 f5 14. Ne5 c4
15. Be2 f4 16. e4 Be6 17. Bf3 Qg5 18. exd5 Bxd5 19. Be4 Bxe4 20. Qxe4 f3 21.
Nxf3 Qh5 22. Qxb7 Nd5 23. Ne5 Nxc3 24. Nxc4 Rad8 25. Qxa7 Rxd4 26. Qa5 Ne2+ 27.
Kh1 Qxh2+ 28. Kxh2 Rh4# 0-1

[Event "XXXV Festival Conca della Presolana A"]
[Site "Castione della Presolana ITA"]
[Date "2015.08.23"]
[Round "1"]
[White "Manoni, Emmanuel Denis"]
[Black "Fiscato, Claudio"]
[WhiteElo "1892"]
[BlackElo "1742"]
[Result "1-0"]
[PlyCount "73"]
[EventDate "2015.08.23"]

1. Nf3 Nf6 2. g3 c6 3. Bg2 d5 4. O-O g6 5. c4 e6 6. d4 Bg7 7. Bg5 Qb6 8. Qc2
O-O 9. c5 Qd8 10. Nc3 h6 11. Bf4 Re8 12. b4 Ne4 13. Nxe4 dxe4 14. Qxe4 Nd7 15.
Rad1 Nf6 16. Qc2 Nd5 17. Bd2 f5 18. Ne5 Qf6 19. e4 Nc7 20. a4 Kh7 21. Bf4 Qe7
22. Nc4 Rd8 23. Bd6 Qf7 24. Ne5 Bxe5 25. Bxe5 Ne8 26. f3 Nf6 27. Rb1 Bd7 28.
Qb2 Ng8 29. b5 Be8 30. Rf2 Ne7 31. Bf1 g5 32. Bc4 Qg6 33. Qb3 Bd7 34. a5 cxb5
35. Bxb5 Nc6 36. exf5 Qxf5 37. Bd3 1-0

[Event "XXXV Festival Conca della Presolana A"]
[Site "Castione della Presolana ITA"]
[Date "2015.08.23"]
[Round "1"]
[White "Mascheroni, Maurizio"]
[Black "De Maria, Isaia"]
[WhiteElo "1945"]
[BlackElo "1794"]
[Result "1/2-1/2"]
[PlyCount "71"]
[EventDate "2015.08.23"]

1. e4 c5 2. Nc3 Nc6 3. g3 g6 4. Bg2 Bg7 5. Nge2 d6 6. d3 Nf6 7. h3 Rb8 8. a4 a6
9. Be3 b5 10. axb5 axb5 11. Qd2 Bd7 12. O-O O-O 13. Bh6 b4 14. Nd1 Qb6 15. Bxg7
Kxg7 16. Ne3 b3 17. c3 Ra8 18. Nc4 Qc7 19. f4 Rxa1 20. Rxa1 e6 21. Qe3 e5 22.
Nd2 Be6 23. f5 Bd7 24. g4 h6 25. Bf3 g5 26. h4 Nh7 27. h5 Rb8 28. Nc4 Nf6 29.
Ra3 Rb5 30. Qc1 Na5 31. Nxa5 Rxa5 32. Qa1 Rxa3 33. Qxa3 c4 34. d4 Qb6 35. Kg2
Qc6 36. d5 1/2-1/2

[Event "XXXV Festival Conca della Presolana A"]
[Site "Castione della Presolana ITA"]
[Date "2015.08.23"]
[Round "1"]
[White "Papa, Angelo"]
[Black "Di Paolo, Marco"]
[WhiteElo "1744"]
[BlackElo "1908"]
[Result "0-1"]
[PlyCount "48"]
[EventDate "2015.08.23"]

1. d4 Nf6 2. c4 g6 3. Nc3 d5 4. Nf3 Bg7 5. Qb3 dxc4 6. Qxc4 O-O 7. e4 c6 8. Be2
Nbd7 9. O-O Nb6 10. Qb4 Be6 11. Rd1 a5 12. Qa3 Qd6 13. Qxd6 exd6 14. Ng5 Bc4
15. Bxc4 Nxc4 16. b3 Nb6 17. Bf4 Rfd8 18. f3 h6 19. Nh3 g5 20. Be3 Re8 21. Rac1
Nbd5 22. Nxd5 cxd5 23. Nf2 dxe4 24. f4 Nd5 0-1

[Event "XXXV Festival Conca della Presolana A"]
[Site "Castione della Presolana ITA"]
[Date "2015.08.23"]
[Round "1"]
[White "Pirrello, Christian"]
[Black "Lazzarini, Sabrina"]
[WhiteElo "1917"]
[BlackElo "1786"]
[Result "1-0"]
[PlyCount "75"]
[EventDate "2015.08.23"]

1. d4 d5 2. c4 c6 3. Nc3 dxc4 4. e3 b5 5. a4 b4 6. Ne4 Nd7 7. Bxc4 Ngf6 8. Qf3
Qc7 9. Ne2 e6 10. N2g3 Be7 11. O-O O-O 12. Nxf6+ Nxf6 13. e4 e5 14. dxe5 Qxe5
15. Qe2 Bc5 16. Kh1 a5 17. f4 Qe7 18. e5 Ng4 19. Ne4 Bb6 20. h3 Nh6 21. Nd6 Nf5
22. Nxf5 Bxf5 23. Be3 Bc7 24. Rac1 Rad8 25. Bc5 Qh4 26. Bxf8 Rxf8 27. Rcd1 Kh8
28. Bd3 Be6 29. Qf2 Qe7 30. Qc2 Bd5 31. Bc4 Bxc4 32. Qxc4 c5 33. Rd5 Qe8 34.
Qxc5 Bd8 35. Qc8 Qe7 36. Rfd1 Bb6 37. Qc6 Be3 38. Qd6 1-0

[Event "XXXV Festival Conca della Presolana A"]
[Site "Castione della Presolana ITA"]
[Date "2015.08.23"]
[Round "1"]
[White "Prete, Alessandro"]
[Black "Saracco, Marco"]
[WhiteElo "1963"]
[BlackElo "1810"]
[Result "1/2-1/2"]
[PlyCount "36"]
[EventDate "2015.08.23"]

1. d4 d5 2. Nf3 Nf6 3. e3 e6 4. Bd3 c5 5. b3 Nc6 6. O-O cxd4 7. exd4 Be7 8. Bb2
O-O 9. a3 a6 10. Qe2 b5 11. Ne5 Qb6 12. Nxc6 Qxc6 13. Nd2 Bb7 14. Nf3 Nd7 15.
Rae1 Bf6 16. Qd1 Nc5 17. Ne5 Bxe5 18. Rxe5 Nxd3 1/2-1/2

[Event "XXXV Festival Conca della Presolana A"]
[Site "Castione della Presolana ITA"]
[Date "2015.08.23"]
[Round "1"]
[White "Raselli, Claudio"]
[Black "Rossini, Fulvio"]
[WhiteElo "1810"]
[BlackElo "1964"]
[Result "0-1"]
[PlyCount "60"]
[EventDate "2015.08.23"]

1. c4 Nf6 2. Nf3 d6 3. g3 g6 4. b3 Bg7 5. Bb2 O-O 6. Bg2 c5 7. O-O Nc6 8. d3
Rb8 9. Nbd2 Bd7 10. Rc1 a6 11. Bc3 b5 12. d4 Qb6 13. dxc5 dxc5 14. Ne5 Rfd8 15.
Nxc6 Bxc6 16. Qc2 Bxg2 17. Kxg2 b4 18. Be5 Rb7 19. Rfd1 Rbd7 20. Nf3 Qc6 21.
Rd3 Rxd3 22. exd3 g5 23. h3 h5 24. Bxf6 exf6 25. g4 f5 26. Kg3 h4+ 27. Kg2 fxg4
28. hxg4 f5 29. Qd2 h3+ 30. Kg3 f4+ 0-1

[Event "XXXV Festival Conca della Presolana A"]
[Site "Castione della Presolana ITA"]
[Date "2015.08.23"]
[Round "1"]
[White "Villa, Claudio"]
[Black "Pedoni, Lorenzo"]
[WhiteElo "1823"]
[BlackElo "1969"]
[Result "1/2-1/2"]
[PlyCount "44"]
[EventDate "2015.08.23"]

1. d4 Nf6 2. c4 e6 3. Nf3 Bb4+ 4. Nbd2 b6 5. g3 Bb7 6. Bg2 c5 7. O-O cxd4 8.
Nxd4 Bxg2 9. Kxg2 O-O 10. N2f3 d5 11. Qa4 Bc5 12. Rd1 Qd7 13. Qxd7 Nbxd7 14.
cxd5 Nxd5 15. a3 Rac8 16. b4 Bxd4 17. Rxd4 N7f6 18. Bg5 h6 19. Bxf6 Nxf6 20.
Ra2 Rc3 21. b5 Rfc8 22. Ne5 Kf8 1/2-1/2

[Event "XXXV Festival Conca della Presolana A"]
[Site "Castione della Presolana ITA"]
[Date "2015.08.23"]
[Round "1"]
[White "Virzi, Ettore"]
[Black "Casartelli, Fabio"]
[WhiteElo "1965"]
[BlackElo "1816"]
[Result "1-0"]
[PlyCount "31"]
[EventDate "2015.08.23"]

1. e4 d5 2. exd5 Nf6 3. c4 c6 4. Nc3 cxd5 5. cxd5 Nbd7 6. Qa4 g6 7. Nf3 Bg7 8.
Be2 O-O 9. O-O Nb6 10. Qh4 Nfxd5 11. d4 Qd6 12. Ne4 Qd8 13. Bh6 Nf6 14. Nfg5
Bf5 15. Bxg7 Bxe4 16. Bxf6 1-0

[Event "XXXV Festival Conca della Presolana A"]
[Site "Castione della Presolana ITA"]
[Date "2015.08.24"]
[Round "2"]
[White "Annicchiarico, Luigi"]
[Black "Bossi, Alessandro"]
[WhiteElo "1725"]
[BlackElo "2043"]
[Result "0-1"]
[PlyCount "76"]
[EventDate "2015.08.23"]

1. e4 e5 2. Nf3 Nc6 3. Bb5 g6 4. c3 Nge7 5. d4 Bg7 6. dxe5 Nxe5 7. Nxe5 Bxe5 8.
O-O Bg7 9. f4 c6 10. Bc4 d5 11. exd5 cxd5 12. Bb5+ Nc6 13. Be3 O-O 14. Bxc6
bxc6 15. Bd4 Re8 16. Bxg7 Kxg7 17. Qd4+ f6 18. Nd2 Bf5 19. Rfe1 Qc7 20. g3 Rab8
21. b4 a5 22. a3 a4 23. Qf2 Be4 24. Nxe4 dxe4 25. Rad1 f5 26. Rd4 Red8 27. Red1
Rxd4 28. Qxd4+ Kh6 29. Kf2 Rb5 30. c4 Rb7 31. Qd6 Qg7 32. Qd2 Qf6 33. h4 Re7
34. Ke3 Kg7 35. c5 Qe6 36. Qd6 Qb3+ 37. Kf2 e3+ 38. Ke2 Qc2+ 0-1

[Event "XXXV Festival Conca della Presolana A"]
[Site "Castione della Presolana ITA"]
[Date "2015.08.24"]
[Round "2"]
[White "Asperti, Giovanni"]
[Black "Caputi, Giuliano"]
[WhiteElo "1759"]
[BlackElo "1884"]
[Result "1-0"]
[PlyCount "65"]
[EventDate "2015.08.23"]

1. e4 e5 2. Nf3 Nc6 3. Bb5 Nf6 4. O-O Nxe4 5. d4 Nd6 6. Bxc6 dxc6 7. dxe5 Nf5
8. Qxd8+ Kxd8 9. Rd1+ Ke8 10. Nc3 Be7 11. b3 h6 12. Bb2 Be6 13. Ne2 Rd8 14. Nf4
Bc8 15. e6 Rxd1+ 16. Rxd1 f6 17. Ng6 Rg8 18. g4 Nd6 19. Nd4 c5 20. Nf5 Nxf5 21.
gxf5 b6 22. Bc1 Bd6 23. Bf4 Kd8 24. Bxd6 cxd6 25. Rxd6+ Kc7 26. Rd3 Rd8 27.
Rxd8 Kxd8 28. f3 Ba6 29. c4 b5 30. cxb5 Bxb5 31. Nf4 Bc6 32. Kf2 Ke8 33. Nd3
1-0

[Event "XXXV Festival Conca della Presolana A"]
[Site "Castione della Presolana ITA"]
[Date "2015.08.24"]
[Round "2"]
[White "Bosio, Devis"]
[Black "Pirrello, Christian"]
[WhiteElo "1971"]
[BlackElo "1917"]
[Result "1/2-1/2"]
[PlyCount "49"]
[EventDate "2015.08.23"]

1. e4 c6 2. d4 d5 3. exd5 cxd5 4. Bd3 Nc6 5. c3 Nf6 6. Bf4 Bg4 7. Qb3 Qc8 8.
Nd2 e6 9. Ngf3 Bxf3 10. Nxf3 Be7 11. O-O O-O 12. Rae1 a6 13. Ne5 b5 14. Nxc6
Qxc6 15. a3 Nd7 16. Qd1 Bd6 17. Bxd6 Qxd6 18. Qh5 f5 19. Re3 Nf6 20. Qh4 h6 21.
Rg3 Kh8 22. Re1 Ne4 23. Bxe4 dxe4 24. Rge3 Rae8 25. f3 1/2-1/2

[Event "XXXV Festival Conca della Presolana A"]
[Site "Castione della Presolana ITA"]
[Date "2015.08.24"]
[Round "2"]
[White "Casartelli, Fabio"]
[Black "Izzo, Riccardo"]
[WhiteElo "1816"]
[BlackElo "1732"]
[Result "1-0"]
[PlyCount "59"]
[EventDate "2015.08.23"]

1. d4 d5 2. c4 c6 3. Nc3 Nf6 4. Nf3 dxc4 5. e4 b5 6. Bg5 Bg4 7. Be2 Nbd7 8. h3
Bh5 9. O-O h6 10. Bh4 Qb6 11. Re1 e6 12. d5 cxd5 13. exd5 Nc5 14. Bxf6 gxf6 15.
Nd4 Nd3 16. Bxh5 e5 17. Ncxb5 Nxe1 18. Qa4 exd4 19. Rxe1+ Kd8 20. Nxd4 Bc5 21.
Nc6+ Kc7 22. Re2 Rhe8 23. Qxc4 Bxf2+ 24. Rxf2 Re1+ 25. Kh2 Qxf2 26. Ne5+ Kd6
27. Nxf7+ Kd7 28. Qc6+ Ke7 29. Qd6+ Ke8 30. Ne5# 1-0

[Event "XXXV Festival Conca della Presolana A"]
[Site "Castione della Presolana ITA"]
[Date "2015.08.24"]
[Round "2"]
[White "De Maria, Isaia"]
[Black "Boccalatte, Piero"]
[WhiteElo "1794"]
[BlackElo "1913"]
[Result "1/2-1/2"]
[PlyCount "45"]
[EventDate "2015.08.23"]

1. e4 c6 2. Nc3 d5 3. Nf3 Bg4 4. h3 Bxf3 5. Qxf3 e6 6. d4 dxe4 7. Nxe4 Be7 8.
c3 Nf6 9. Nxf6+ Bxf6 10. Bd3 O-O 11. O-O Nd7 12. Qe4 g6 13. Bh6 Re8 14. Rad1
Bg5 15. Bxg5 Qxg5 16. f4 Qd5 17. Qxd5 exd5 18. Rfe1 Kg7 19. Kf2 h6 20. Rxe8
Rxe8 21. Re1 Rxe1 22. Kxe1 f5 23. Ke2 1/2-1/2

[Event "XXXV Festival Conca della Presolana A"]
[Site "Castione della Presolana ITA"]
[Date "2015.08.24"]
[Round "2"]
[White "Di Paolo, Marco"]
[Black "Virzi, Ettore"]
[WhiteElo "1908"]
[BlackElo "1965"]
[Result "1-0"]
[PlyCount "69"]
[EventDate "2015.08.23"]

1. e4 e5 2. Nc3 Nc6 3. Bc4 Nf6 4. d3 Na5 5. Nge2 Be7 6. O-O O-O 7. a3 Nxc4 8.
dxc4 d6 9. f3 c6 10. Qd3 a6 11. Rd1 b5 12. cxb5 axb5 13. b3 b4 14. Na4 d5 15.
exd5 cxd5 16. axb4 Ba6 17. b5 Bb7 18. Bb2 Qc7 19. Ng3 e4 20. fxe4 dxe4 21. Qe2
Rfe8 22. Nf5 e3 23. Nxe7+ Qxe7 24. c4 Qe4 25. Rd4 Qg6 26. Rd6 Rad8 27. Rad1
Rxd6 28. Rxd6 Qb1+ 29. Rd1 Qg6 30. Bxf6 gxf6 31. c5 Be4 32. Nc3 Bc2 33. Rd4 Ra8
34. Qxe3 Ra1+ 35. Kf2 1-0

[Event "XXXV Festival Conca della Presolana A"]
[Site "Castione della Presolana ITA"]
[Date "2015.08.24"]
[Round "2"]
[White "Dubois, Martine"]
[Black "Raselli, Claudio"]
[WhiteElo "1982"]
[BlackElo "1810"]
[Result "1/2-1/2"]
[PlyCount "45"]
[EventDate "2015.08.23"]

1. e4 c5 2. c3 d5 3. exd5 Qxd5 4. d4 Nf6 5. Nf3 Nc6 6. Be2 cxd4 7. cxd4 e6 8.
Nc3 Qd6 9. O-O Be7 10. Be3 O-O 11. Qd2 b6 12. Bf4 Qd8 13. Rad1 Bb7 14. Rfe1 Rc8
15. Ne5 Nxe5 16. dxe5 Qxd2 17. Bxd2 Nd5 18. Bd3 Rfd8 19. Bb1 Nxc3 20. Bxc3 Kf8
21. Rd2 Rxd2 22. Bxd2 Rd8 23. Bc3 1/2-1/2

[Event "XXXV Festival Conca della Presolana A"]
[Site "Castione della Presolana ITA"]
[Date "2015.08.24"]
[Round "2"]
[White "Fiscato, Claudio"]
[Black "Cerutti, Fabio Maria"]
[WhiteElo "1742"]
[BlackElo "1805"]
[Result "0-1"]
[PlyCount "78"]
[EventDate "2015.08.23"]

1. d4 Nf6 2. Nf3 c5 3. e3 d5 4. b3 Nc6 5. Bb2 Bg4 6. Be2 e6 7. O-O Bd6 8. Nbd2
O-O 9. c4 Qe7 10. dxc5 Bxc5 11. a3 a5 12. Ne1 Bxe2 13. Qxe2 Rfd8 14. Ndf3 d4
15. exd4 Nxd4 16. Nxd4 Bxd4 17. Bxd4 Rxd4 18. Nf3 Rd7 19. Rfb1 h6 20. h3 Qc5
21. a4 Rad8 22. Rd1 Qb6 23. Rxd7 Nxd7 24. Rb1 Nc5 25. Qe3 Rd3 26. Qe2 Rxb3 27.
Rd1 Nxa4 28. Qe5 Rb1 29. Rxb1 Qxb1+ 30. Kh2 Qb4 31. Qb8+ Kh7 32. Ne5 Qe7 33.
Ng4 Nc5 34. Ne3 a4 35. Qe5 Na6 36. Qe4+ Kg8 37. Nf5 Qc7+ 38. Ng3 a3 39. Qd3 a2
0-1

[Event "XXXV Festival Conca della Presolana A"]
[Site "Castione della Presolana ITA"]
[Date "2015.08.24"]
[Round "2"]
[White "Gardi, Giuseppe"]
[Black "Bracci, Andrea"]
[WhiteElo "1925"]
[BlackElo "1878"]
[Result "1/2-1/2"]
[PlyCount "71"]
[EventDate "2015.08.23"]

1. d4 d5 2. Nf3 Nf6 3. e3 Bg4 4. h3 Bh5 5. g4 Bg6 6. Ne5 Nfd7 7. h4 Nxe5 8.
dxe5 h5 9. Bd3 Bxd3 10. Qxd3 e6 11. g5 g6 12. b3 c5 13. Bb2 Nc6 14. a3 Qc7 15.
f4 O-O-O 16. Nd2 Ne7 17. O-O-O Nf5 18. Rh3 Be7 19. Qb5 Rd7 20. e4 dxe4 21. Nxe4
Rxd1+ 22. Kxd1 Rd8+ 23. Kc1 Qd7 24. Qf1 a6 25. Qe1 Kb8 26. Rd3 Qc7 27. Rxd8+
Qxd8 28. Nd6 Nxd6 29. exd6 Bxd6 30. Be5 Qc7 31. c4 Kc8 32. Kc2 Qc6 33. Bxd6
Qxd6 34. Qe4 Kc7 35. Qe5 Qxe5 36. fxe5 1/2-1/2

[Event "XXXV Festival Conca della Presolana A"]
[Site "Castione della Presolana ITA"]
[Date "2015.08.24"]
[Round "2"]
[White "Gennaro, Isabella"]
[Black "Prete, Alessandro"]
[WhiteElo "1875"]
[BlackElo "1963"]
[Result "0-1"]
[PlyCount "88"]
[EventDate "2015.08.23"]

1. e4 e6 2. d4 d5 3. Nd2 Nf6 4. e5 Nfd7 5. Bd3 c5 6. c3 Nc6 7. Ne2 cxd4 8. cxd4
f6 9. exf6 Nxf6 10. Nf3 Bd6 11. O-O O-O 12. Bg5 Bd7 13. Bh4 Rc8 14. Ng5 Qc7 15.
f4 Nb4 16. Rc1 Qa5 17. Bb1 h6 18. Nc3 Rc4 19. Kh1 Nc6 20. Nh3 Rxd4 21. Qe2 a6
22. Bxf6 Rxf6 23. Qc2 g6 24. a3 Qc7 25. Rf3 Be8 26. Rcf1 Qf7 27. Ne2 Rc4 28.
Qd2 Ne7 29. Bd3 Rc8 30. Nf2 h5 31. Nh3 Nf5 32. Ng5 Qe7 33. Bxf5 Rxf5 34. Nd4
Rf6 35. Qe2 Bf7 36. Re1 Re8 37. g3 Bc5 38. Nb3 Bb6 39. a4 Rf5 40. a5 Ba7 41.
Rd3 e5 42. Nxf7 Qxf7 43. Rc3 e4 44. Rec1 d4 0-1

[Event "XXXV Festival Conca della Presolana A"]
[Site "Castione della Presolana ITA"]
[Date "2015.08.24"]
[Round "2"]
[White "Lavorgna, Filippo"]
[Black "Papa, Angelo"]
[WhiteElo "1840"]
[BlackElo "1744"]
[Result "1-0"]
[PlyCount "159"]
[EventDate "2015.08.23"]

1. c4 g6 2. Nf3 Bg7 3. g3 d6 4. Bg2 e5 5. Nc3 Ne7 6. O-O Nbc6 7. d3 O-O 8. Rb1
a5 9. a3 Bd7 10. b4 axb4 11. axb4 Qc8 12. b5 Nd4 13. Nxd4 exd4 14. Nd5 Nxd5 15.
Bxd5 c6 16. bxc6 bxc6 17. Bf3 Qc7 18. Qc2 Rfb8 19. Bd2 Rxb1 20. Rxb1 Rb8 21.
Rxb8+ Qxb8 22. Qa4 Bh3 23. Qb4 Qxb4 24. Bxb4 d5 25. Ba5 Kf8 26. Bg2 Bxg2 27.
Kxg2 Ke7 28. Bd2 Ke6 29. Kf3 c5 30. Bc1 f5 31. Ba3 Kd6 32. Bc1 Ke6 33. Kg2 dxc4
34. dxc4 Be5 35. Kf3 Bc7 36. Bd2 Be5 37. h3 Bd6 38. e3 Ke5 39. Bc1 Be7 40. Bb2
Bf6 41. exd4+ cxd4 42. Ke2 Kd6 43. Kd3 Kc5 44. Ba3+ Kc6 45. Bb4 h5 46. Kc2 g5
47. Kd3 Be5 48. Bd2 g4 49. hxg4 hxg4 50. Bb4 Bf6 51. Bd2 Kc5 52. Bf4 Bg7 53.
Bb8 Bf6 54. Ba7+ Kc6 55. Bxd4 Bg5 56. Be3 Bf6 57. Bf4 Kc5 58. Bb8 Kc6 59. Ba7
Be7 60. Be3 Bf6 61. Bh6 Bb2 62. Bd2 Bf6 63. Bc3 Bg5 64. Be5 Bc1 65. Bd4 Bg5 66.
Ke2 Bc1 67. f3 Bg5 68. fxg4 fxg4 69. Kd3 Kd6 70. Ke4 Ke6 71. Be5 Bd2 72. c5 Be1
73. c6 Ke7 74. c7 Kd7 75. Kf5 Ba5 76. Kxg4 Bxc7 77. Bxc7 Kxc7 78. Kf5 Kd7 79.
Kf6 Ke8 80. Kg7 1-0

[Event "XXXV Festival Conca della Presolana A"]
[Site "Castione della Presolana ITA"]
[Date "2015.08.24"]
[Round "2"]
[White "Lavorgna, Giovanni"]
[Black "Foglieni, Matteo"]
[WhiteElo "1914"]
[BlackElo "1969"]
[Result "0-1"]
[PlyCount "96"]
[EventDate "2015.08.23"]

1. Nf3 d5 2. d4 e6 3. Bf4 Bd6 4. e3 f5 5. Bd3 Nf6 6. O-O O-O 7. c4 c6 8. Bxd6
Qxd6 9. Nc3 Ne4 10. Ne5 Nd7 11. Nxd7 Bxd7 12. f3 Nxc3 13. bxc3 Be8 14. f4 c5
15. Rb1 Bc6 16. Qb3 Rfd8 17. cxd5 Bxd5 18. Bc4 b6 19. Bxd5 exd5 20. Rfd1 c4 21.
Qb4 Qe6 22. Re1 Qe4 23. Qb2 Re8 24. Rbd1 b5 25. Qb1 Qe6 26. Qc2 a5 27. Rb1 Reb8
28. Kf2 b4 29. Rb2 bxc3 30. Qxc3 Rxb2+ 31. Qxb2 g6 32. Rb1 Qe4 33. Qb7 Re8 34.
Re1 g5 35. fxg5 f4 36. Qb1 fxe3+ 37. Kg1 Qxd4 38. g6 e2+ 39. Kh1 Qe4 40. gxh7+
Kxh7 41. Qb7+ Re7 42. Qc8 d4 43. Qh3+ Kg7 44. Qg3+ Kf7 45. Qf2+ Ke8 46. Qf6 d3
47. Qh8+ Kd7 48. Qh3+ Re6 0-1

[Event "XXXV Festival Conca della Presolana A"]
[Site "Castione della Presolana ITA"]
[Date "2015.08.24"]
[Round "2"]
[White "Lazzarini, Sabrina"]
[Black "Dormio, Luca"]
[WhiteElo "1786"]
[BlackElo "1770"]
[Result "0-1"]
[PlyCount "76"]
[EventDate "2015.08.23"]

1. e4 e6 2. d3 d5 3. Qe2 Nf6 4. e5 Nfd7 5. Nf3 c5 6. g3 Nc6 7. Bg2 g6 8. O-O
Bg7 9. Bf4 b5 10. Nc3 Qb6 11. Rfe1 O-O 12. a4 Ba6 13. axb5 Bxb5 14. Nxb5 Qxb5
15. c3 Rfb8 16. Rab1 a5 17. c4 dxc4 18. dxc4 Qa6 19. Red1 Ra7 20. Rd6 Bf8 21.
Rxc6 Qxc6 22. Nd4 Qb6 23. Nc6 Rc8 24. Nxa7 Qxa7 25. Qf3 Nb6 26. Qc3 Rd8 27. Ra1
a4 28. Bc6 Rd4 29. b3 a3 30. Qc1 Qc7 31. Bg2 Bg7 32. Be3 Rd3 33. Qxa3 Bxe5 34.
Qxc5 Qxc5 35. Bxc5 Bxa1 36. Bxb6 Rxb3 37. c5 Bd4 38. Bf1 Rb2 0-1

[Event "XXXV Festival Conca della Presolana A"]
[Site "Castione della Presolana ITA"]
[Date "2015.08.24"]
[Round "2"]
[White "Mortola, Alberto"]
[Black "Villa, Claudio"]
[WhiteElo "1994"]
[BlackElo "1823"]
[Result "1-0"]
[PlyCount "89"]
[EventDate "2015.08.23"]

1. c4 c5 2. Nc3 Nc6 3. g3 g6 4. Bg2 Bg7 5. e3 Nf6 6. Nge2 O-O 7. O-O a6 8. d4
cxd4 9. exd4 d6 10. h3 Bd7 11. Be3 Na5 12. b3 Rb8 13. Rc1 b6 14. c5 dxc5 15.
dxc5 bxc5 16. Bxc5 Re8 17. Nd5 Nxd5 18. Qxd5 Bb5 19. Rfe1 e6 20. Qxd8 Rexd8 21.
Ba7 Rbc8 22. Bb6 Rxc1 23. Rxc1 Bb2 24. Bxd8 Bxc1 25. Nxc1 Nc6 26. Bf6 Nb4 27.
Bf1 Bc6 28. Bc3 Nd5 29. Bd2 Bb7 30. Bg2 Kf8 31. Nd3 Ke7 32. Nb4 Kd6 33. Kf1 Kc5
34. Nxd5 exd5 35. Ke2 Kd4 36. Kd1 Bc8 37. Bf1 Ke4 38. Be2 d4 39. f3+ Kd5 40.
Bc4+ Kc5 41. Bxf7 Bxh3 42. Bc4 Bc8 43. Bd3 Bb7 44. Ke2 Kd6 45. Be4 1-0

[Event "XXXV Festival Conca della Presolana A"]
[Site "Castione della Presolana ITA"]
[Date "2015.08.24"]
[Round "2"]
[White "Pedoni, Lorenzo"]
[Black "De Marco, Walter"]
[WhiteElo "1969"]
[BlackElo "1875"]
[Result "0-1"]
[PlyCount "48"]
[EventDate "2015.08.23"]

1. c4 b6 2. Nc3 Bb7 3. e4 e6 4. d4 Bb4 5. Bd3 f5 6. d5 fxe4 7. Bxe4 Nf6 8. Bg5
exd5 9. Bxd5 Bxd5 10. cxd5 O-O 11. Nge2 Qe8 12. O-O Ne4 13. d6 Nxc3 14. bxc3
Bxd6 15. Qd5+ Kh8 16. Qxa8 Qxe2 17. Qxa7 Qh5 18. f4 h6 19. Rf3 Kg8 20. Rh3 Qe2
21. Bh4 Bc5+ 22. Kh1 Rxf4 23. Qxb8+ Kh7 24. Rg1 Rf1 0-1

[Event "XXXV Festival Conca della Presolana A"]
[Site "Castione della Presolana ITA"]
[Date "2015.08.24"]
[Round "2"]
[White "Rorato, Renzo"]
[Black "Marchini, Daniele"]
[WhiteElo "1963"]
[BlackElo "1885"]
[Result "0-1"]
[PlyCount "126"]
[EventDate "2015.08.23"]

1. Nf3 Nf6 2. c4 c5 3. Nc3 Nc6 4. g3 g6 5. Bg2 Bg7 6. O-O O-O 7. d4 cxd4 8.
Nxd4 Nxd4 9. Qxd4 d6 10. Qd3 Ng4 11. b3 Ne5 12. Qd2 Rb8 13. Bb2 Bd7 14. Rfd1 a6
15. c5 dxc5 16. f4 Ng4 17. Qxd7 Bd4+ 18. Rxd4 cxd4 19. Qxg4 dxc3 20. Bxc3 Rc8
21. Qf3 b5 22. Qe3 Qc7 23. Rc1 Qd6 24. Bb7 Rc7 25. Bf3 Rfc8 26. Kf2 Qc5 27.
Qxc5 Rxc5 28. Bb7 Rxc3 29. Rxc3 Rxc3 30. Bxa6 b4 31. Bd3 e6 32. Ke3 Kf8 33. Kd2
Rc5 34. Ke3 Ke7 35. Kd4 Kd6 36. h4 f6 37. g4 g5 38. hxg5 fxg5 39. fxg5 Rxg5 40.
Bxh7 Rxg4+ 41. e4 Rg7 42. e5+ Kc6 43. Be4+ Kb6 44. Bf3 Rf7 45. Be2 Rd7+ 46. Kc4
Ka5 47. Bg4 Rd5 48. Bxe6 Rxe5 49. Bf7 Re2 50. Kc5 Rxa2 51. Be6 Rc2+ 52. Bc4 Rh2
53. Kc6 Rh8 54. Be6 Rh6 55. Kd5 Kb6 56. Ke5 Kc5 57. Bf7 Rh2 58. Ke4 Rd2 59. Ke3
Rd7 60. Bg8 Rg7 61. Bc4 Rg3+ 62. Ke4 Rg4+ 63. Ke3 Rxc4 0-1